000 01584nam a2200349 4500
001 171
003 OSt
005 20250528074013.0
008 250130b |||||||g |||| 00| 1 eng d
020 _a9788501061140
040 _bpor
041 _heng
_apor
082 _a823
_bC821r
100 1 _aCornwell, Bernard,
_d1944-
_9324
240 _aThe Winter King
245 _aO rei do Inverno /
_cCornwell, Bernard ; Tradução de Alves Calado
250 _a25° edição
260 _aRio de Janeiro
_bRecord
_c2014
300 _a546 p.
490 1 _aAs crônicas de Artur
_vvol. 01
520 _aO Rei do Inverno conta a mais fiel história de Artur, sem os exageros míticos de outras publicações. A partir de fatos, este romance genial retrata o maior de todos os heróis como um poderoso guerreiro britânico, que luta contra os saxões para manter unida a Britânia, no século V, após a saída dos romanos. "O livro traz religião, política, traição, tudo o que mais me interessa," explica Cornwell, que usa a voz ficcional do soldado raso Derfel para ilustrar a vida de Artur. O valoroso soldado cresce dentro do exército do rei e dentro da narrativa de Corwell até se tornar o melhor amigo e conselheiro de Artur na paz e na guerra.
650 0 _aLiteratura Inglesa
_989
650 0 _aMitologia
_9128
650 0 _aFantasia
_945
650 0 _aAventura
_947
650 0 _aHistória
_9116
655 0 _aRomance
_923
655 0 _aFicção
_922
700 _aAlves Calado
_eTradutor
_9325
830 _aAs crônicas de Artur
_vvol. 01
_9326
942 _2ddc
_n0
_cBK
999 _c171
_d171